| 000 | 01025nam a22002417a 4500 | ||
|---|---|---|---|
| 005 | 20110427152433.0 | ||
| 008 | 110427t xxu||||| |||| 00| 0 mar d | ||
| 010 | _aMAR-20750 | ||
| 020 |
_a9788184982084 _c280.00 |
||
| 035 | _aMR-13408 | ||
| 037 | _bDBAD / PUB | ||
| 040 |
_aDPL _bMR |
||
| 082 | _a891.463 | ||
| 100 |
_aजाधव,सूर्यकांत _927501 |
||
| 245 |
_aअस्मिता / _cसूर्यकांत जाधव |
||
| 246 |
_aAsmita _bby Suryakant Jadhav |
||
| 260 |
_aपुणे _bमेहता पब्लिशिंग हाऊस _c2011 |
||
| 270 |
_a1941, सदाशिव पेठ माडीवाले कॉलनी, _bपुणे _e411030 |
||
| 300 |
_a278पृ _c22सेमी (अजिल्द) |
||
| 700 | _927502 | ||
| 942 |
_2ddc _cMR _h891.463 _mजाधव |
||
| 999 |
_c51944 _d51944 |
||